| 000 | 00912nam a2200241Ia 4500 | ||
|---|---|---|---|
| 001 | 9986 | ||
| 003 | GE_BSU | ||
| 008 | 181216s||||||||xx |||||||||||||| ||und|| | ||
| 040 | _cGE_BSU | ||
| 080 | _a821.353.1–13 | ||
| 100 | _aრუსთაველი,შოთა | ||
| 245 | _aვეფხისტყაოსანი | ||
| 245 | _bპოემა | ||
| 245 | _cსარედ.კოლ.ალ.ბარამიძე და სხვ. ილ.:მ.ზიჩი და სხვ. | ||
| 260 | _aთბილისი | ||
| 260 | _bსახელგამი | ||
| 260 | _c1957 | ||
| 300 | _a404გვ.ილ.19ფ.ილ.27სმ. | ||
| 520 | _aსაქ.სსრ.მეცნ.აკად. რუსთაველის სახ.ქართ. ლიტ.ის ისტ. ინ–ტი | ||
| 653 | _aვეფხისტყაოსანი | ||
| 653 | _aპოემა | ||
| 942 | _cBK | ||
| 999 |
_c43259 _d43259 |
||